Представление документа в формате RUSMARC

ПолеНазваниеЗначение
  Тип записи a
  Библиографический уровень m
001 Контрольный номер UONB/MAIN/ce4a76086aaf4f269d75fb8c74204b1e
005 Дата корректировки 20260515182454.0
010 Индекс ISBN __
b Уточнения в пер.
d Цена 80 к.
9 Тираж 300 экз.
100 Данные общей обработки __
a Данные общей обработки 20260515d1989 u y0rusy0189 ca
101 Язык документа 0_
a Язык текста rus
102 Страна публикации __
a Страна публикации RU
105 Кодированные данные (монография) __
a Кодированные данные (монография) a z 001yy
200 Заглавие и сведения об ответственности 1_
a Заглавие Эксплуатация машин при прогрессивных технологиях и методах выполнения механизированных работ в растениеводстве
e Сведения, относящиеся к заглавию сборник научных работ
f Первые сведения об ответственности Саратовский сельско-хозяйственный институт им. Н. И. Вавилова
203 Вид содержания и тип средства __
a Вид содержания Текст
b Характеристика содержания визуальный
c Тип средства непосредственный
210 Выходные данные 1_
a Место издания Саратов
c Издательство СХИ
d Дата издания 1989
215 Физическое описание __
a Объем 135 с.
c Иллюстрации/тип воспроизводства ил.
d Формат 20 см
320 Библиография __
a Библиография Библиогр. в конце ст.
606 Тематические рубрики 0_
a Основная рубрика Сельско-хозяйственные машины и орудия
x Основная подрубрика Эксплуатация
j Формальный подзаголовок Сборники
606 Тематические рубрики 0_
a Основная рубрика Растениеводство
x Основная подрубрика Механизация
j Формальный подзаголовок Сборники
610 Ключевые слова 0_
a Ключевые слова растениеводство; механизация в растениеводстве; эксплуатация машин
675 Индекс УДК __
a Индекс УДК 631.3:633
686 Индексы других классификаций __
a Классификационный индекс 40.711
2 Код системы rubbk
712 Наименование организации (Вторичная ответственность) 02
a Организация/ юрисдикция Саратовский сельско-хозяйственный институт им. Н. И. Вавилова
4 Код отношения 570
801 Источник записи _0
a Страна RU
b Организация Ульяновская ОНБ
c Дата составления 20260515
g Правила каталогизации RCR
801 Источник записи _1
a Страна RU
b Организация Ульяновская ОНБ
c Дата составления 20260515
g Правила каталогизации RCR
901 Тип документа __
t Тип документа m
909 Создатель записи __
a Создатель записи Батталова
b Дата создания записи 20260515